Satu kajian perkamusan Arab : 'al-Misbah al-Munir" karya al- Fayyumi /
Saved in:
| 主要作者: | |
|---|---|
| 格式: | Thesis 图书 |
| 语言: | Malay |
| 出版: |
1985.
|
| 主题: | |
| 标签: |
添加标签
没有标签, 成为第一个标记此记录!
|
| LEADER | 01314cam a2200325 4500 | ||
|---|---|---|---|
| 001 | u48402 | ||
| 003 | SIRSI | ||
| 008 | 860320s1985 my t 0 may | ||
| 015 | |a X860000195 | ||
| 035 | |a AAF-2098 | ||
| 040 | |a UMM | ||
| 040 | |a UMA | ||
| 090 | 0 | 0 | |a PJ6620 |b F3Omawt |
| 091 | 0 | 0 | |a Microfiche 7471 |
| 094 | |a PJ6620 |b F30Omawt | ||
| 100 | 0 | 0 | |a Omar Wan Teh. |
| 245 | 1 | 0 | |a Satu kajian perkamusan Arab : |b 'al-Misbah al-Munir" karya al- Fayyumi / |c oleh Omar @ Wan Mat bin Wan Teh. |
| 260 | |c 1985. | ||
| 300 | |a xv, 192 leaves ; |c 27 cm. | ||
| 500 | |a AIUM. | ||
| 500 | |a Also available in microfiche. Kuala Lumpur : Perpustakaan Universiti Malaya, 1994. 3 microfiches : negative ; 11x15cm | ||
| 502 | |a Dissertation (M.A.) - Jabatan Pengajian Islam, Fakulti Sastera dan Sains Sosial, Universiti Malaya, 1985. | ||
| 504 | |a Bibliography: leaves 185-192. | ||
| 600 | 0 | 0 | |a al-Fayyumi, Ahmad ibn Muhammad, |d d.ca. 1368-. |t al-Misbah al- Munir |
| 650 | 0 | |a Arabic language |x Dictionaries. | |
| 710 | 2 | 0 | |a Universiti Malaya. |b Jabatan Pengajian Islam. |
| 948 | |a 16/03/1991 |b 14/08/2002 | ||
| 596 | |a 1 18 | ||
| 999 | |a PJ6620 F3OMAWT |w LC |c 1 |i A002677036 |d 15/9/2016 |e 15/9/2016 |l STACKS |m P01UTAMA |n 22 |r Y |s Y |t TESIS |u 23/12/1991 | ||
| 999 | |a F PJ6620 F30OMAWT |w LC |c 1 |i A506903195 |l RESERVES |m P18ISLPURI |r Y |s Y |t TESIS |u 10/10/2001 | ||
